01062 a2200181 45000010006000000050017000060080041000230030015000640400040000790800134001192450036002530200018002892640055003073000019003625050474003810410008008551000017008635897320260407155844.0260407a2003 arg spa dAR-UNSa-BCEJYS aAR-UNSa-BCEJYSbspacAR-UNSa-BCEJYS a338.2(82)xPolítica económica. Control de la economía. Gestión de la economía. Planificación económica en Argentina10aLa Argentina y el orden mundial a950-557-582-3 1aBuenos Aires :bFondo de Cultura Económicac2003 a185 p.c17 cm. a1. La comisión trilateral y la proliferación del poder económico internacional - 2. Las consecuencias de la guerra de Irak - 3. Enfoques heterodoxos en el informe Okita sobre la economía argentina - 4. Los ciclos económicos en la Argentina: del modelo primario exportador al sistema de hegemonía financiera - 5. La Argentina y el Fondo Monetario Internacional - 6. Recuperación y crecimiento: tiempos e instrumentos de la política económica argentina. aspa1 aFerrer, Aldo